Quantum Medicinal Chemistry
Na minha lista:
| Autor principal: | |
|---|---|
| Outros Autores: | |
| Formato: | Manuscrito Livro |
| Idioma: | eslovaco inglês |
| Publicado em: |
2015
|
| Assuntos: | |
| Acesso em linha: | http://is.stuba.sk/zp/portal_zp.pl?podrobnosti=95293 |
| Tags: |
Sem tags, seja o primeiro a adicionar uma tag!
|
MARC
| LEADER | 00000ntm a22000003a 4500 | ||
|---|---|---|---|
| 001 | stuzp47109 | ||
| 003 | SK-STU | ||
| 005 | 20160719153146.0 | ||
| 007 | ta | ||
| 008 | 150427s2015----xo-----f-mn---000-0-slo-d | ||
| 040 | |a STU |b slo | ||
| 041 | 0 | |a eng | |
| 100 | 1 | |a Vilnerová, Gabriela |u 045210 |4 aut |U FCHPT Ústav fyzikálnej chémie a chemickej fyziky |T FCHPT Oddelenie fyzikálnej chémie |X 62546 |U C5210 |Y 117 |7 62546 | |
| 242 | 0 | 1 | |a Kvantova medicíncka chémia |y slo |
| 245 | 1 | 0 | |a Quantum Medicinal Chemistry |
| 260 | |c 2015 | ||
| 650 | 4 | |a DFT |2 slo | |
| 650 | 4 | |a enzým |2 slo | |
| 650 | 4 | |a výpočty |2 slo | |
| 650 | 4 | |a QM/MM |2 slo | |
| 650 | 4 | |a liek |2 slo | |
| 650 | 4 | |a DFT |2 eng | |
| 650 | 4 | |a enzyme |2 eng | |
| 650 | 4 | |a calculations |2 eng | |
| 650 | 4 | |a QM/MM |2 eng | |
| 650 | 4 | |a drug |2 eng | |
| 700 | 1 | |a Biskupič, Stanislav |4 ths |X 3294 |7 A000003294 | |
| 856 | 4 | |u http://is.stuba.sk/zp/portal_zp.pl?podrobnosti=95293 | |
| SQL | |a stuzp47109 |b DBP |c ENG |d Quantum Medicinal Chemistry |e 62546 |f Vilnerová, Gabriela |g 045210 |h 3294 |i Biskupič, Stanislav |j 20150713 |k 753 |l 04 |m http://is.stuba.sk/zp/portal_zp.pl?podrobnosti=95293 |n B-CHEMAT |o 4.1.14. chémia, 5.2.18. chemické technológie | ||